000 00696nam a2200217 i 4500
001 46919
003 ES-MaACL
005 20230906161453.0
007 t|
008 030402s1974 sp ||||1| spa d
100 1 _aConstante, Mariano.
_940245
245 1 4 _aLos años rojos
_b: españoles en los campos nazis /
_cMariano Constante.
250 _a1ª ed.
260 _a[Barcelona] :
_bMartínez Roca,
_c[1974]
300 _a203 p., 8 lám. ;
_c20 cm.
490 1 _aColección Perfiles Ibéricos
650 4 _aGuerra mundial, 1939-1945-
_xCampañas-
_zAlemania.
_9160024
830 0 _aColección Perfiles Ibéricos
_9230000
852 _aES-MaACL
_jE-7119
_bR.91605
999 _c46919
_d46919